| 000 | 00880cpcaa22002537a 4500 | ||
|---|---|---|---|
| 001 | mm 80002102 | ||
| 003 | DLC | ||
| 005 | 20260227111659.0 | ||
| 008 | 800121|||||||||||| eng | ||
| 010 | _amm 80002102 | ||
| 040 |
_aDLC _cDLC _edacs _dDLC |
||
| 072 | 7 |
_aW _2lcmd |
|
| 100 | 1 |
_aWatkins, Louise Ward, _d1890-1974. |
|
| 245 | 0 | 0 |
_aLouise Ward Watkins autograph collection, _f1801-1899. |
| 300 |
_a45 _fitems. |
||
| 506 | 0 | _aOpen to research. | |
| 533 |
_aIn part, typewritten transcripts. _b[S.l.]. |
||
| 545 | 0 | _aCivic leader of Los Angeles, Calif. | |
| 546 | _aCollection material in English. | ||
| 580 | _aForms part of: Miscellaneous Manuscripts collection. | ||
| 656 | 7 |
_aCivic leaders. _2itoamc |
|
| 999 |
_c42471 _d42471 |
||